00206 a2200085 4500001000700000040003500007100002300042240003000065245002500095153805 cEscola São Tomás de Aquino aLUTTEMBARCK, Alice10aPinga pingo pingado lpor10aPinga pingo pingado